Investigación de operaciones. El arte de la toma de decisiones

Bibliographic Details
Main Authors: Mathur, Kamlesh, Solow, Daniel
Format: Section = Libro
Language:Undetermined
Spanish
Published: México Pearson Educación 1996
Subjects:
LEADER 00761nam a2200241Ia 4500
008 240830s9999 xx 000 0 und d
020 |a 968-880-698-6 
040 |a B-ESTELÍ- RUACS / 658.4034 M432 
041 |a spa 
082 |a 658.4034 M432 
100 1 |a Mathur, Kamlesh 
100 1 |b  Solow, Daniel 
245 1 0 |a Investigación de operaciones. El arte de la toma de decisiones 
260 |a México  |b Pearson Educación  |c 1996 
300 |a 977 p. :il 
650 7 |a INVESTIGACIÓN DE OPERACIONES 
650 7 |b  TECNICAS MATEMATICAS - TOMA DE DECISIONES 
650 7 |c  PROGRAMACION LINEAL - ENFOQUE GRAFICO 
650 7 |d  ADMINISTRACION DE PROYECTOS - CPM - PERT 
650 7 |e  MODELOS ESTOCASTICOS.  
942 |c BK  |2 ddc 
991 |a TEXTO 
999 |c 11473